00590nam a2200133Ia 4500008004100000100003000041245015600071245008500227260005300312260000900365300000600374650001500380856006100395170221s9999 xx 000 0 und d aSvetlana Sergeevna Nosova aAnalysis of the Factors Affecting the Development of Economic Culture of a Family in the Russian Federation Based on Experience of Developed Countries  cSvetlana Sergeevna Nosova, Rafael Envarovich Abdulov, Yulia Mihailovna Medvedeva bInternational Review of Management and Marketing c2013 a: xMarketing. uhttp://www.econjournals.com/index.php/irmm/issue/view/75